| 000 | 00369nam a2200157Ia 4500 | ||
|---|---|---|---|
| 008 | 210210b1935 xxu||||| |||| 00| 0 eng d | ||
| 041 | _aeng | ||
| 082 | _a930/32 | ||
| 100 | _aGLOVER (T R) | ||
| 245 | _aAncient world | ||
| 260 |
_aCambridge _bAt the University Press _c1935 |
||
| 650 | _aworld | ||
| 650 | _aAncient | ||
| 690 | _aAncient History | ||
| 906 | _a024943 | ||
| 999 |
_c150578 _d150578 |
||